header

Haunting the Korean diaspora (Record no. 21307)

MARC details
000 -LEADER
fixed length control field 01684nam a2200421Ia 4500
100 1# - MAIN ENTRY--AUTHOR NAME
Personal name Cho, Grace M.
245 10 - TITLE STATEMENT
Title Haunting the Korean diaspora
260 ## - PUBLICATION, DISTRIBUTION, ETC. (IMPRINT)
Place of publication Minneapolis :
Name of publisher University of Minnesota Press,
Year of publication c2008.
300 ## - PHYSICAL DESCRIPTION
Number of Pages xiii, 245 p. :
Other physical details ill.
650 #0 - SUBJECT ADDED ENTRY--TOPICAL TERM
Topical Term Korean Americans
Topical Term Korean American women
Topical Term Immigrants
Topical Term Prostitutes
Topical Term War brides
Topical Term Psychic trauma
Topical Term Shame
Topical Term Secrecy
Topical Term Korean War, 1950-1953
Topical Term Korean War, 1950-1953
856 40 - ELECTRONIC LOCATION AND ACCESS
Uniform Resource Identifier http://site.ebrary.com/lib/rucke/Doc?id=10274274

No items available.

© 2026 Rongo University
Contact us: librarian | system librarian | Rongo university